Polacy, którzy zdobyli medale na Igrzyskach Olimpijskich 2024 - Statystyki

Ogólne statystyki
  • Ten quiz został rozwiązany 49 razy
    46 od ostatniego zresetowania
  • Średni wynik to 16 z 28
Statystyki odpowiedzi
Medal Dyscyplina Zawodnik % Poprawnych
Złoto Wspinaczka sportowa Aleksandra Mirosław
97%
Brąz Tenis ziemny Iga Świątek
95%
Brąz Lekkoatletyka Natalia Kaczmarek
92%
Łukasz Kaczmarek
86%
Paweł Zatorski
86%
Wilfredo León
86%
Bartosz Kurek
84%
Srebro Boks Julia Szeremeta
81%
Jakub Kochanowski
78%
Aleksander Śliwka
70%
Tomasz Fornal
70%
Marcin Janusz
68%
Mateusz Bieniek
68%
Brąz Wspinaczka sportowa Aleksandra Kałucka
62%
Norbert Huber
59%
Srebro Kajakarstwo Klaudia Zwolińska
57%
Bartłomiej Bołądź
54%
Srebro Kolarstwo torowe Daria Pikulik
54%
Grzegorz Łomacz
54%
Kamil Semeniuk
43%
Aleksandra Jarecka
32%
Renata Knapik-Miazga
22%
Alicja Klasik
19%
Mateusz Biskup
16%
Martyna Swatowska-Wenglarczyk
14%
Fabian Barański
11%
Mirosław Ziętarski
11%
Dominik Czaja
8%
Nie znaleziono quizów pasujących do podanych kryteriów
Rozkład punktacji
Procent ludzi z każdym wynikiem
Percentyl według liczby udzielonych odpowiedzi
Twoja historia wyników
Nie rozwiązałeś tego quizu od ostatniego zresetowania